000 00671nam a2200205 i 4500
001 115683
003 ES-MaACL
005 20230906190531.0
007 t|
008 070427s1969 sp ||||1| spa d
080 _a959.7"1964/..."
245 0 0 _aSesiones de Estocolmo y Roskilde
_b: /
_cdirectora de redacción Vladimir Dedijar ; documentación: Catherine Russell.
250 _a1ª ed.
260 _a[Madrid] :
_bSiglo XXI de España,
_c[1969]
300 _a413 p. ;
_c21 cm.
500 _aPrecede al tít.: Tribunal Russell.
650 1 4 _aGuerra del Vietnam, 1961-1975.
_913204
700 1 _aDedijer, Vladimir.
_943190
852 _aES-MaACL
_jC-36618
_bR.69557
999 _c115683
_d115683